000 00776cam a2200277 4500500
005 20260329004257.0
041 _afre
042 _adc
100 1 0 _aLegros, Martin
_eauthor
245 0 0 _aFelwine Sarr, Heinz Wismann. Le pluriel et l’universel
260 _c2019.
500 _a46
690 _aAfrique
690 _aDomination
690 _aÉgalité
690 _aEurope
690 _aFelwine Sarr
690 _aHeinz Wismann
690 _aIdentité
690 _aLangues
690 _aPluralisme
690 _aRelations
690 _aUniversalisme
786 0 _nPhilosophie magazine | 129 | 5 | 2019-05-01 | p. 28-30 | 1951-1787
856 4 1 _uhttps://shs.cairn.info/magazine-philosophie-magazine-2019-5-page-28?lang=fr&redirect-ssocas=7080
999 _c1832399
_d1832399